El Capital. Libro I capítulo VI (inédito)

সংরক্ষণ করুন:
গ্রন্থ-পঞ্জীর বিবরন
প্রধান লেখক: Marx, Carlos
বিন্যাস: পাঠ‍্য
প্রকাশিত: México D.F.: Siglo XXI
সংস্করন:8
ট্যাগগুলো: ট্যাগ যুক্ত করুন
কোনো ট্যাগ নেই, প্রথমজন হিসাবে ট্যাগ করুন!

MARC

LEADER 00000 a a2200000 04500
001 22670
003
040
020 |a 968-23-0034-7  
090 |a 155400  
100 |a Marx, Carlos  
245 |a El Capital. Libro I capítulo VI (inédito)  
250 |a 8  
260 |a México D.F.:   |b Siglo XXI  
300 |a 174 p.  
999 |c 553  |d 553